000 00835nam a2200241 a 4500
001 000019444
005 20200929170023.0
008 100629s2004 sp 000 0 spa d
020 _a8497645804
040 _aDO-SdBNP
_bspa
_cBNPHU
082 _a923.9
_bA529V
100 1 _aVentura, Mar de
_941742
245 1 0 _aRoald Amundsen :
_bla extraordinaria vida de un hombre amante de los hielos /
_cMar de Ventura.
260 _aMadrid :
_bEdimat Libros,
_c2004.
300 _a191 p. :
_bil. ;
_c23 cm.
490 1 _aGrandes biografías
504 _aIncluye referencias bibliográficas ( p. 189)
600 1 4 _aAMUNDSEN, ROALD,
_d1872-1928
_941743
650 4 _aExpediciones científicas
_zAntártida
_ySIGLO XIX-XX
_941744
650 4 _aAntártida
_xDescripciones y viajes
_941745
830 0 _aGrandes biografías
_911230
049 _aBNPD
999 _c18960
_d18960